| 000 | 00415nam a22001697a 4500 | ||
|---|---|---|---|
| 005 | 20181006115222.0 | ||
| 008 | 181006b xxu||||| |||| 00| 0 eng d | ||
| 020 | _a978-81-8487-174-6 | ||
| 041 | _aeng | ||
| 082 | _a006.42 | ||
| 100 |
_aGhosh,S. K _94871 |
||
| 245 | _aDigital Image Processing | ||
| 260 |
_aNew Delhi _bNarosa Publishing House _c2013 |
||
| 300 | _a10.23 | ||
| 650 |
_aComputer _94872 |
||
| 942 | _cBK | ||
| 999 |
_c5743 _d5741 |
||